LEADER 01067nam a2200265 i 4500 001 000000245060 003 CaOOAMICUS 005 20150917000000.0 008 150917s1940 it u000 u ita u 013 $a223965 040 $aSeMil$bita 100 1 $aSchrijvers, Joseph,$d<1876-1945>.$0(OLS)http://semarc/name/38853 245 12$aI principii della vita spirituale /$cGiuseppe Schryvers , C. SS. R ; Traduzione del Sac. Dr. Alessandro Cantono. 250 $a3. ed. 260 $aTorino ; Roma :$bMarietti,$c1940. 300 $aXLIV, 350 p. ;$c23 cm. 500 $aFondo card. Giovanni Colombo. 650 4$aVita spirituale.$0(OLS)http://semarc/subject/381 700 1 $aCantono, Alessandro.$0(OLS)http://semarc/name/25033 850 $aSeMil 852 $aSeMil$W1$xVenegono$y1$m3GC IV 277/A$j195406$B195406$CSeMilBibl$Z2$F206080 $8B 941 1 $a3 961 $aLascito: Colombo Card. Giovanni 996 $6245$aI principii della vita spirituale$9(OLS)http://semarc/title/266269 996 $6260$aTorino ; Roma :$bMarietti$9(OLS)http://semarc/publisher/32636 LEADER 00982nam a2200241 i 4500 001 000000126287 003 CaOOAMICUS 005 20051221000000.0 008 051221s1999 it u000 u ita u 013 $a98992 040 $aSeMil$bita 100 1 $aAbate, Ida.$0(OLS)http://semarc/name/52157 245 10$aRosario Livatino :$beloquenza della morte di un "piccolo giudice" /$cIda Abate. 260 $aMessina :$bArmando Siciliano,$ccopyr. 1999. 300 $a174 p. ;$c22 cm. 500 $aFondo Card. C.M. Martini. 600 14$aLivatino, Rosario Angelo .$0(OLS)http://semarc/subject/24426 850 $aSeMil 852 $aSeMil$W1$xVenegono$y1$m3L II 4$j80669$B80669$CSeMilBibl$Z2$F107564 $81 941 1 $a4 961 $aOmaggio: Martini Card. Carlo Maria 996 $6245$aRosario Livatino :$beloquenza della morte di un "piccolo giudice"$9(OLS)http://semarc/title/186146 996 $6260$aMessina :$bArmando Siciliano$9(OLS)http://semarc/publisher/42952